| 000 | 01166njm a22002777a 4500 | ||
|---|---|---|---|
| 005 | 20100914152621.0 | ||
| 007 | sd ammalaaahaa | ||
| 008 | 100913t xxu||||| |||| 00| 0 hin d | ||
| 028 |
_a7EPE 7130 _bEMI |
||
| 035 | _aGR-02850 | ||
| 040 |
_aSED _cSED |
||
| 100 |
_aMukhjerjee, Aarti _91184 |
||
| 245 |
_aGeet Gata Chal / _cby Aarti Mukherjee [and] Jaspal Singh ; Music by Ravindra Jain _h[sound recording] : |
||
| 246 | _aगीत गता चल / आरती मुख़र्जी द्वारा | ||
| 260 |
_aDum Dum India _bEMI _c1965 |
||
| 300 |
_a1 sound disc [Gramophone record] : _banalog, 45 rpm _c7.5 in. (SP) _fGramophone Record |
||
| 500 | _aBrief Record | ||
| 500 | _aRecord label :EMI, Red | ||
| 505 | _aSide १ कर गया कान्हा (Kar gaya kanha ) (Aarti Mukherjee) Side 2 गीत गता चल (Geet Gata Chal ) (Jaspal Singh) | ||
| 600 |
_aMukherjee, Aarti _919992 |
||
| 650 |
_aFilm Songs _xExcerpts _zIndia _919603 |
||
| 700 |
_919604 _aJaspal Singh |
||
| 700 |
_919605 _aJain, Ravindra |
||
| 942 |
_2ddc _cGR |
||
| 999 |
_c46120 _d46120 |
||